Bài tập lập trình cơ sở ngôn ngữ pascal

Sách cung cấp một số bài tập về phương pháp lập trình bằng ngôn ngữ Pascal.

Spremljeno u:
Bibliografski detalji
Glavni autor: Nguyễn, Hữu Ngự
Format: Knjiga
Jezik:Undetermined
Izdano: Hà Nội Đại học Quốc gia Hà Nội 2008
Teme:
Oznake: Dodaj oznaku
Bez oznaka, Budi prvi tko označuje ovaj zapis!
Thư viện lưu trữ: Trung tâm Học liệu Trường Đại học Cần Thơ
LEADER 00761nam a2200205Ia 4500
001 CTU_159400
008 210402s9999 xx 000 0 und d
020 |c 29500 
082 |a 005.133076 
082 |b Ng550 
100 |a Nguyễn, Hữu Ngự 
245 0 |a Bài tập lập trình cơ sở ngôn ngữ pascal 
245 0 |c Nguyễn Hữu Ngự 
260 |a Hà Nội 
260 |b Đại học Quốc gia Hà Nội 
260 |c 2008 
520 |a Sách cung cấp một số bài tập về phương pháp lập trình bằng ngôn ngữ Pascal. 
650 |a Pascal ( computer programing language ) 
904 |i Kim Lan, Bạch Trúc 
980 |a Trung tâm Học liệu Trường Đại học Cần Thơ